00336nam a2200133Ia 4500008004100000020001500041041001200056082001600068100001400084245005300098260003100151300000800182650001200190221030s9999 xx 000 0 und d a8126501154 aEnglish a105.23bGou aP. Goudey 0aUnofficial Guide To Beating Stresscby P. Goudey bIDG BooksaNew Delhic2000 a520 aGeneral